[Event "Wch U16"]
[Site "Kemer"]
[Date "2009.11.14"]
[Round "3"]
[White "Wang, Jesse"]
[Black "Kozganbay, Erkin"]
[Result "0-1"]
[WhiteElo "1976"]
[BlackElo "2213"]
[PlyCount "92"]
[EventDate "2009.11.12"]
[EventType "swiss"]
[EventRounds "11"]
[EventCountry "TUR"]
[SourceTitle "EXT 2010"]
[Source "ChessBase"]
[SourceDate "2010.11.25"]
[SourceVersion "1"]
[SourceVersionDate "2010.11.25"]
[SourceQuality "1"]

1. e4 c5 2. Nc3 a6 3. g3 b5 4. Bg2 Bb7 5. d4 cxd4 6. Qxd4 Nc6 7. Qd1 d6 8. Nge2 e6 9. a3 Nf6 10. 0-0 Be7 11. h3 Qc7 12. Kh1 0-0 13. g4 Rad8 14. g5 Nd7 15. Ng3 Na5 16. f4 Rfe8 17. Na2 Bf8 18. b3 d5 19. e5 Nc6 20. Bb2 a5 21. Nc1 b4 22. a4 Ba6 23. Nd3 Bc5 24. Ne2 Qb6 25. Nxc5 Nxc5 26. Rf3 Ne4 27. Nd4 Rc8 28. Kh2 Qc5 29. Rc1 Rc7 30. Nxc6 Rxc6 31. Bd4 Qe7 32. Bf1 Bxf1 33. Rxf1 Rec8 34. Rg1 Nc3 35. Bxc3 Rxc3 36. Rg2 Qc5 37. Qe2 Rxb3 38. cxb3 Qxc1 39. Rf2 g6 40. Qa6 Qc5 41. Kg2 Kg7 42. Rf3 Qc2+ 43. Kg3 Qb1 44. Kg4 Rc2 45. Rg3 Qd1+ 46. Kh4 Qh5# 0-1

[Event "British Columbia op"]
[Site "Victoria"]
[Date "2009.07.25"]
[Round "2"]
[White "Wang, Jesse"]
[Black "Ho, Daniel"]
[Result "1-0"]
[WhiteElo "2006"]
[BlackElo "1900"]
[PlyCount "83"]
[EventDate "2009.07.24"]
[EventType "swiss"]
[EventRounds "5"]
[EventCountry "CAN"]
[SourceTitle "EXT 2011"]
[Source "ChessBase"]
[SourceDate "2010.11.26"]
[SourceVersion "1"]
[SourceVersionDate "2010.11.26"]
[SourceQuality "1"]

1. e4 e5 2. Nf3 Nc6 3. Bb5 a6 4. Ba4 Nf6 5. 0-0 b5 6. Bb3 Bc5 7. c3 d6 8. h3 h6 9. d3 0-0 10. Nbd2 Be6 11. Re1 Nd7 12. Nf1 Qf6 13. Be3 Bxe3 14. Nxe3 Qg6 15. Nh4 Qg5 16. Nhf5 Bxb3 17. Qxb3 g6 18. Ng3 Nc5 19. Qd1 f5 20. d4 Nd7 21. Qb3+ Kh8 22. exf5 exd4 23. cxd4 Nxd4 24. Qc3 c5 25. Ne4 Qh4 26. Nc2 gxf5 27. Nxd4 cxd4 28. Qxd4+ Nf6 29. g3 Qxe4 30. Rxe4 fxe4 31. Qxd6 Rad8 32. Qxa6 e3 33. fxe3 Nd5 34. Qxh6+ Kg8 35. Qg5+ Kh8 36. Rd1 Rc8 37. Qh6+ Kg8 38. Qg6+ Kh8 39. Rxd5 Rc1+ 40. Kg2 Rg1+ 41. Kxg1 Rf1+ 42. Kxf1 1-0

[Event "CAN-ch U16"]
[Site "Victoria"]
[Date "2009.07.22"]
[Round "4"]
[White "Kleinman, Michael"]
[Black "Wang, Jesse"]
[Result "1-0"]
[WhiteElo "2121"]
[BlackElo "1980"]
[PlyCount "53"]
[EventDate "2009.07.21"]
[EventType "swiss"]
[EventRounds "7"]
[EventCountry "CAN"]
[SourceTitle "EXT 2011"]
[Source "ChessBase"]
[SourceDate "2010.11.26"]
[SourceVersion "1"]
[SourceVersionDate "2010.11.26"]
[SourceQuality "1"]

1. e4 c5 2. Nc3 Nc6 3. Nge2 d6 4. g3 g6 5. Bg2 Bg7 6. d3 Bg4 7. f3 Bd7 8. 0-0 e5 9. Nd5 Nce7 10. Ne3 h5 11. f4 Nh6 12. h3 0-0 13. Nc3 h4 14. f5 gxf5 15. Qh5 f4 16. gxf4 Ng6 17. f5 Nf4 18. Rxf4 exf4 19. Ned5 f6 20. Bxf4 Be8 21. Qxh4 Nf7 22. Kf2 Ng5 23. Rg1 Kf7 24. Qh5+ Kg8 25. Qg4 Nf7 26. Bf1 Ng5 27. h4 1-0

[Event "CAN-ch U16"]
[Site "Victoria"]
[Date "2009.07.21"]
[Round "1"]
[White "Wang, Jesse"]
[Black "Martchenko, Alexander"]
[Result "0-1"]
[WhiteElo "1980"]
[BlackElo "2314"]
[PlyCount "68"]
[EventDate "2009.07.21"]
[EventType "swiss"]
[EventRounds "7"]
[EventCountry "CAN"]
[SourceTitle "EXT 2011"]
[Source "ChessBase"]
[SourceDate "2010.11.26"]
[SourceVersion "1"]
[SourceVersionDate "2010.11.26"]
[SourceQuality "1"]

1. e4 d5 2. exd5 Nf6 3. d4 Nxd5 4. Be2 g6 5. Nf3 Bg7 6. 0-0 0-0 7. Na3 Nc6 8. c4 Nb6 9. d5 Ne5 10. Nxe5 Bxe5 11. Nc2 e6 12. Ne3 exd5 13. cxd5 Qd6 14. h3 Rd8 15. Bf3 Qf6 16. Qe2 Re8 17. Kh1 h5 18. a4 Bd7 19. a5 Nc8 20. Ra3 Nd6 21. Rb3 a6 22. Re1 Bb5 23. Qd2 Rad8 24. Ra3 Bf4 25. Qc3 Be5 26. Qc2 Re7 27. b3 Rde8 28. Nc4 Bc3 29. Rxe7 Rxe7 30. Be3 Nf5 31. Qd3 Nxe3 32. fxe3 Bb4 33. Ra2 Bd6 34. Re2 Qa1+ 0-1

[Event "Kitchener Oktoberfest U2000"]
[Site "Kitchener"]
[Date "2008.10.19"]
[Round "4"]
[White "Wang, Jesse"]
[Black "Gashgarian, Robert"]
[Result "1-0"]
[WhiteElo "1911"]
[BlackElo "1921"]
[PlyCount "93"]
[EventDate "2008.10.17"]
[EventType "swiss"]
[EventRounds "5"]
[EventCountry "CAN"]
[SourceTitle "EXT 2011"]
[Source "ChessBase"]
[SourceDate "2010.11.26"]
[SourceVersion "1"]
[SourceVersionDate "2010.11.26"]
[SourceQuality "1"]

1. e4 Nf6 2. e5 Nd5 3. Nc3 e6 4. Nxd5 exd5 5. Nf3 d6 6. d4 Bg4 7. Be2 c6 8. 0-0 Be7 9. h3 Bf5 10. c4 dxc4 11. Bxc4 d5 12. Bd3 Bxd3 13. Qxd3 Na6 14. a3 Nc7 15. b4 a5 16. Bd2 axb4 17. axb4 0-0 18. Bc3 Qd7 19. Nd2 Nb5 20. f4 f5 21. Nb3 b6 22. Bd2 g6 23. Qe2 Qb7 24. g4 Nc7 25. Rxa8 Qxa8 26. Ra1 Qb7 27. Kg2 Ne6 28. Kg3 c5 29. dxc5 bxc5 30. Qa6 Qd7 31. Qb6 Bd8 32. Nxc5 Nxc5 33. Qxc5 fxg4 34. hxg4 h5 35. gxh5 gxh5 36. Rg1 Be7 37. Qb6 Kh7 38. Kf2 Bh4+ 39. Ke2 Qf5 40. Qb7+ Qf7 41. Qxf7+ Rxf7 42. Rh1 Be7 43. Rxh5+ Kg6 44. Rh1 Bxb4 45. Bxb4 Rxf4 46. Bd6 Kf5 47. Rf1 1-0